[Event "Campeonato Nacional de Ajedrez Femenino 2015  "]
[Site "FDA, Santo Domingo"]
[Date "2015.03.06"]
[Round "1"]
[Board "1"]
[White "Coronado, Karen"]
[Black "Munoz Santana, Doribel"]
[Result "1/2-1/2"]
[WhiteElo "1673"]
[BlackElo "1905"]
[PlyCount "151"]
[EventDate "2015.03.06"]
[EventRounds "8"]
[EventCountry "DOM"]

1. e4 g6 2. d4 Bg7 3. Bc4 e6 4. Nc3 Ne7 5. Nf3 d5 6. exd5 exd5 7. Bb5+ c6 8.
Bd3 O-O 9. Bg5 f6 10. Be3 Nf5 11. Bxf5 Bxf5 12. Qd2 Na6 13. a3 b5 14. O-O Nc7
15. Nh4 Bd7 16. Bh6 Ne6 17. Bxg7 Kxg7 18. Rfe1 a5 19. Ne2 Qc7 20. Nf3 Rf7 21.
Ng3 Re8 22. h3 Rfe7 23. Nh2 Qf4 24. Qxf4 Nxf4 25. Rxe7+ Rxe7 26. Kf1 h5 27. Nf3
Bc8 28. Re1 Ne6 29. Ne2 b4 30. axb4 axb4 31. Ra1 Nc7 32. Ra7 Ba6 33. Nfg1 Kf7
34. Ke1 Ke8 35. Kd2 Kd8 36. Nf4 Kc8 37. Nxg6 Re4 38. c3 Kb8 39. Rxa6 Nxa6 40.
f3 Re8 41. h4 Kc7 42. Nf4 Rg8 43. Nge2 Kd6 44. Ke3 Nc7 45. Kf2 Rh8 46. Ng3 Ne6
47. Nfxh5 Kc7 48. Nxf6 Rxh4 49. Ne2 Rh6 50. Ng4 Rh8 51. Ne5 Ng5 52. cxb4 Rb8
53. Nd3 Ne6 54. f4 Rf8 55. g4 Ng5 56. Kg3 Ne4+ 57. Kf3 Rh8 58. Kg2 Re8 59. g5
Kd6 60. Kf1 Rh8 61. Kg2 Ke6 62. Ne5 Rb8 63. Nd3 Kf5 64. Ng3+ Nxg3 65. Kxg3 Ke4
66. Ne5 Rxb4 67. Nxc6 Rxb2 68. g6 Rb7 69. Kg4 Rb1 70. Kg5 Rg1+ 71. Kf6 Kxf4 72.
g7 Ke4 73. Kf7 Rf1+ 74. Ke7 Rg1 75. Kf6 Rf1+ 76. Ke7 1/2-1/2

[Event "Campeonato Nacional de Ajedrez Femenino 2015  "]
[Site "FDA, Santo Domingo"]
[Date "2015.03.06"]
[Round "1"]
[Board "2"]
[White "Jose Polanco, Kenia"]
[Black "Jimenez Medina, Laura Violeta"]
[Result "1-0"]
[WhiteElo "1889"]
[BlackElo "1662"]
[PlyCount "29"]
[EventDate "2015.03.06"]
[EventRounds "8"]
[EventCountry "DOM"]

1. d4 Nc6 2. e4 g6 3. Nf3 Bg7 4. Bc4 f6 5. O-O e5 6. d5 Nb4 7. c3 Ne7 8. cxb4
O-O 9. d6+ Rf7 10. dxe7 Qxe7 11. Nc3 f5 12. Ng5 Qxg5 13. Bxg5 a6 14. Qd5 Kf8
15. Qxf7# 1-0

[Event "Campeonato Nacional de Ajedrez Femenino 2015  "]
[Site "FDA, Santo Domingo"]
[Date "2015.03.06"]
[Round "1"]
[Board "3"]
[White "Coronado Paulino, Katerine E."]
[Black "Diaz Cesar, Wilsaida Pieranlly"]
[Result "0-1"]
[WhiteElo "1651"]
[BlackElo "1830"]
[PlyCount "126"]
[EventDate "2015.03.06"]
[EventRounds "8"]
[EventCountry "DOM"]

1. e4 c5 2. Nf3 Nc6 3. d4 cxd4 4. Nxd4 Nf6 5. Nc3 d6 6. Bc4 e6 7. Bb3 a6 8. Be3
Be7 9. f3 Qc7 10. Qd2 b5 11. Nxc6 Qxc6 12. a3 Bb7 13. Rd1 O-O 14. O-O Nd7 15.
Kh1 Ne5 16. Bf4 Rfd8 17. Bxe5 dxe5 18. Qf2 Bxa3 19. bxa3 Qxc3 20. Rxd8+ Rxd8
21. Qb6 Qc8 22. a4 bxa4 23. Bxa4 h6 24. Rb1 Rd4 25. Bb3 Qd7 26. h3 Rd6 27. Qa5
Qb5 28. Qxb5 axb5 29. Kg1 Kh7 30. c4 bxc4 31. Bxc4 Bc6 32. Bb5 Kg6 33. Kf2 Bxb5
34. Rxb5 Rd2+ 35. Kg3 Kf6 36. h4 Rc2 37. Ra5 Rc1 38. Kh2 Rf1 39. Rb5 g5 40.
hxg5+ hxg5 41. Kg3 Rh1 42. Rc5 Rh4 43. Ra5 Rf4 44. Rb5 Rh4 45. Ra5 Rh1 46. Kf2
g4 47. Rb5 Ra1 48. Kg3 Ra2 49. Rc5 gxf3 50. gxf3 Ra1 51. Kg2 Kg5 52. Rxe5+ Kf4
53. Rb5 Ra2+ 54. Kg1 Kxf3 55. Rb7 Rg2+ 56. Kf1 Rg7 57. Rb4 Rg4 58. Rb7 Rf4 59.
e5 Ke4+ 60. Ke2 Kxe5 61. Rb5+ Ke4 62. Rb4+ Kf5 63. Rb5+ e5 0-1

[Event "Campeonato Nacional de Ajedrez Femenino 2015  "]
[Site "FDA, Santo Domingo"]
[Date "2015.03.06"]
[Round "1"]
[Board "4"]
[White "Bouret Lebron, Gissel"]
[Black "Rodriguez Espaillat, Escarlet"]
[Result "1/2-1/2"]
[WhiteElo "1810"]
[BlackElo "1642"]
[PlyCount "63"]
[EventDate "2015.03.06"]
[EventRounds "8"]
[EventCountry "DOM"]

1. e4 c6 2. Nc3 d5 3. exd5 cxd5 4. d4 Nc6 5. Nce2 Nf6 6. c3 Bf5 7. Ng3 Bg6 8.
Nf3 Qd7 9. Bb5 a6 10. Bxc6 bxc6 11. Ne5 e6 12. Qa4 Bd6 13. Qxc6 Qxc6 14. Nxc6
Nd7 15. O-O O-O 16. Na5 Rfb8 17. f4 Bc2 18. Nc6 Rc8 19. Ne5 Nb6 20. Rf2 Ba4 21.
Re2 Rab8 22. f5 f6 23. Nf3 Bxg3 24. hxg3 exf5 25. Bf4 Rb7 26. Rae1 Kf7 27. Nd2
g5 28. Bd6 Bb5 29. Rf2 Nc4 30. Nxc4 Bxc4 31. b3 Bd3 32. Bc5 1/2-1/2

[Event "Campeonato Nacional de Ajedrez Femenino 2015  "]
[Site "FDA, Santo Domingo"]
[Date "2015.03.06"]
[Round "1"]
[Board "5"]
[White "Alfau Sencion, Lisbeth"]
[Black "Hazim Gonzalez, Elizabeth"]
[Result "1/2-1/2"]
[WhiteElo "1624"]
[BlackElo "1805"]
[PlyCount "61"]
[EventDate "2015.03.06"]
[EventRounds "8"]
[EventCountry "DOM"]

1. e4 c5 2. Nf3 Nc6 3. d4 cxd4 4. Nxd4 Nf6 5. Nc3 e5 6. Nf3 Bb4 7. Bd3 d5 8.
exd5 Nxd5 9. Bd2 Nxc3 10. bxc3 Bc5 11. O-O O-O 12. h3 h6 13. Re1 Qc7 14. Nh2
Be6 15. Qh5 f5 16. Bxh6 Qf7 17. Qxf7+ Rxf7 18. Be3 Bxe3 19. Rxe3 e4 20. Bb5 Re7
21. f3 Bf7 22. Ba4 Rae8 23. Bb3 f4 24. Rxe4 Rxe4 25. fxe4 Rxe4 26. Kf2 Re3 27.
Re1 Bxb3 28. cxb3 Rxc3 29. Re4 Rc2+ 30. Re2 Rxe2+ 31. Kxe2 1/2-1/2

[Event "Campeonato Nacional de Ajedrez Femenino 2015  "]
[Site "FDA, Santo Domingo"]
[Date "2015.03.06"]
[Round "1"]
[Board "6"]
[White "Santos Almonte, Carol"]
[Black "Clark Muller, Gema Mabel"]
[Result "1-0"]
[WhiteElo "1797"]
[BlackElo "1607"]
[PlyCount "65"]
[EventDate "2015.03.06"]
[EventRounds "8"]
[EventCountry "DOM"]

1. d4 d6 2. c4 Nf6 3. Nc3 g6 4. e4 Bg7 5. f3 Nbd7 6. Be3 O-O 7. Qd2 c5 8. d5
Ne8 9. Bh6 f5 10. Bxg7 Nxg7 11. Bd3 Ne5 12. Nge2 Bd7 13. O-O Qc7 14. f4 fxe4
15. fxe5 exd3 16. exd6 exd6 17. Qxd3 Rae8 18. Ng3 Nf5 19. Nce4 Qd8 20. Qc3 Qh4
21. Nxf5 Bxf5 22. Nxd6 Re2 23. Nxf5 gxf5 24. b3 Rf6 25. Qg3+ Qxg3 26. hxg3 Rf7
27. Rf2 Re4 28. Raf1 Rg4 29. Rxf5 Rxf5 30. Rxf5 Rxg3 31. d6 Rd3 32. Rxc5 Rxd6
33. Rc8+ 1-0

[Event "Campeonato Nacional de Ajedrez Femenino 2015  "]
[Site "FDA, Santo Domingo"]
[Date "2015.03.06"]
[Round "1"]
[Board "7"]
[White "Camacho Rosario, Cristal"]
[Black "Quiroz Farias, Yelibeth"]
[Result "1/2-1/2"]
[WhiteElo "1562"]
[BlackElo "1755"]
[PlyCount "114"]
[EventDate "2015.03.06"]
[EventRounds "8"]
[EventCountry "DOM"]

1. e4 c5 2. c3 d6 3. Nf3 Nc6 4. d4 Nf6 5. Bd3 Bg4 6. Nbd2 cxd4 7. cxd4 Nxd4 8.
O-O e5 9. Qa4+ Bd7 10. Qd1 Ne6 11. Re1 Be7 12. Nb1 O-O 13. Nc3 Nc5 14. Bc2 Bc6
15. h3 Qc7 16. a3 h6 17. Bd2 b6 18. b4 Ne6 19. Qb1 Rac8 20. Qb2 Bb7 21. Rac1 a6
22. Bd3 Qd7 23. Qc2 Nd4 24. Qd1 Nxf3+ 25. Qxf3 b5 26. Ne2 Nh7 27. Ng3 Bg5 28.
Bxg5 Nxg5 29. Qe3 Ne6 30. Nf5 Nf4 31. Bb1 Qe6 32. Rxc8 Rxc8 33. Qg3 Qf6 34. Kf1
d5 35. exd5 Bxd5 36. Rd1 Bxg2+ 37. Ke1 Bxh3 38. Rd6 Ne6 39. Qxh3 Qg5 40. Ne3
Rc3 41. Qh1 Nc7 42. Rd7 g6 43. Ba2 Kf8 44. Rxf7+ Ke8 45. Rh7 Qxe3+ 46. fxe3
Rc1+ 47. Kf2 Rxh1 48. Bf7+ Kd8 49. Bxg6 Ra1 50. Rxh6 Rxa3 51. Be4 Rb3 52. Rh8+
Ke7 53. Rh7+ Kd6 54. Rh6+ Ke7 55. Rh7+ Kd6 56. Rh6+ Ke7 57. Rh7+ Kd6 1/2-1/2

[Event "Campeonato Nacional de Ajedrez Femenino 2015  "]
[Site "FDA, Santo Domingo"]
[Date "2015.03.06"]
[Round "1"]
[Board "8"]
[White "Joaquin Salcedo, Candida"]
[Black "Estevez, Vianyelis Stephanie"]
[Result "1-0"]
[WhiteElo "1753"]
[BlackElo "1536"]
[PlyCount "67"]
[EventDate "2015.03.06"]
[EventRounds "8"]
[EventCountry "DOM"]

1. e4 c6 2. Nc3 d5 3. d4 g6 4. Nf3 Bg7 5. Bg5 Nf6 6. e5 Nfd7 7. Qd2 h6 8. Be3
Nb6 9. Bd3 Qc7 10. O-O-O Be6 11. h4 N8d7 12. Nh2 O-O-O 13. g4 h5 14. g5 c5 15.
Nb5 Qb8 16. f4 Nc4 17. Bxc4 dxc4 18. d5 Bf5 19. Qa5 a6 20. Nc3 Qa7 21. d6 b6
22. Qa4 exd6 23. Nb5 Qa8 24. Nxd6+ Kb8 25. Nxf7 b5 26. Qa5 Qe4 27. Qc3 b4 28.
Qd2 b3 29. axb3 cxb3 30. Nxh8 Rxh8 31. Rde1 bxc2 32. Bxc5 Nxc5 33. Qd6+ Ka8 34.
Rxe4 1-0

[Event "Campeonato Nacional de Ajedrez Femenino 2015  "]
[Site "FDA, Santo Domingo"]
[Date "2015.03.06"]
[Round "1"]
[Board "9"]
[White "Cabreja Lora, Suzette"]
[Black "Adames Rojas, Ariella"]
[Result "0-1"]
[WhiteElo "1535"]
[BlackElo "1750"]
[PlyCount "80"]
[EventDate "2015.03.06"]
[EventRounds "8"]
[EventCountry "DOM"]

1. e4 c5 2. Nf3 g6 3. d4 cxd4 4. Nxd4 Bg7 5. Nc3 Nc6 6. Be3 Nf6 7. f3 O-O 8.
Qd2 d5 9. exd5 Nxd5 10. Nxd5 Qxd5 11. c3 Nxd4 12. Bxd4 Bxd4 13. Qxd4 Qxd4 14.
cxd4 Rd8 15. Rd1 Be6 16. a3 Rac8 17. Rd2 Rc1+ 18. Rd1 Rxd1+ 19. Kxd1 Rxd4+ 20.
Ke1 Bc4 21. Be2 e5 22. Bxc4 Rxc4 23. Kd2 e4 24. fxe4 Rxe4 25. Rc1 Re7 26. Rc4
f5 27. g3 Kf7 28. Rc3 Kf6 29. Re3 Rxe3 30. Kxe3 Ke5 31. h4 h6 32. Kf3 g5 33.
hxg5 hxg5 34. g4 fxg4+ 35. Kxg4 Kd4 36. Kxg5 Kc4 37. Kf4 Kb3 38. Ke5 Kxb2 39.
Kd5 Kxa3 40. Kc5 Ka4 0-1

[Event "Campeonato Nacional de Ajedrez Femenino 2015  "]
[Site "FDA, Santo Domingo"]
[Date "2015.03.07"]
[Round "2"]
[Board "1"]
[White "Almanzar Vasquez, Jennifer Mar"]
[Black "Jose Polanco, Kenia"]
[Result "1/2-1/2"]
[WhiteElo "1737"]
[BlackElo "1889"]
[PlyCount "71"]
[EventDate "2015.03.06"]
[EventRounds "8"]
[EventCountry "DOM"]

1. e4 d5 2. exd5 Qxd5 3. Nc3 Qa5 4. Nf3 Nf6 5. d4 Bg4 6. Bd2 Qb6 7. Bc1 e6 8.
Be2 Bb4 9. O-O Bxc3 10. bxc3 Ne4 11. Bd2 c6 12. Ne5 Nxd2 13. Qxd2 Bxe2 14. Qxe2
O-O 15. Qf3 Qc7 16. Rab1 Nd7 17. Rfe1 Nf6 18. c4 Rab8 19. c3 Nd7 20. c5 Nxe5
21. Rxe5 Rfd8 22. Rbe1 Rd5 23. Qh3 Rbd8 24. Qg3 Rxe5 25. Rxe5 Qa5 26. Re2 Qb5
27. Re1 Rf8 28. Qc7 Qb2 29. Qa5 Ra8 30. a3 Kf8 31. Kf1 Qd2 32. Qb4 Rc8 33. Re2
Qd1+ 34. Re1 Qd3+ 35. Re2 Qd1+ 36. Re1 1/2-1/2

[Event "Campeonato Nacional de Ajedrez Femenino 2015  "]
[Site "FDA, Santo Domingo"]
[Date "2015.03.07"]
[Round "2"]
[Board "2"]
[White "Diaz Cesar, Wilsaida Pieranlly"]
[Black "Castillo Pena, Patricia Evaris"]
[Result "1-0"]
[WhiteElo "1830"]
[BlackElo "1739"]
[PlyCount "119"]
[EventDate "2015.03.06"]
[EventRounds "8"]
[EventCountry "DOM"]

1. d4 Nf6 2. c4 e6 3. Nf3 c5 4. d5 b5 5. dxe6 fxe6 6. cxb5 d5 7. e3 Bd6 8. Be2
O-O 9. O-O Bb7 10. b3 Nbd7 11. Bb2 Qe7 12. Nc3 Rad8 13. a4 e5 14. a5 e4 15. Ne1
Bb8 16. g3 Qe6 17. Ng2 g5 18. h4 h6 19. Kh2 Ne5 20. Na4 Bc8 21. Kg1 Qh3 22.
Bxe5 Bxe5 23. f4 exf3 24. Rxf3 Bxg3 25. Rxg3 Qxg3 26. hxg5 Ng4 27. Bxg4 Bxg4
28. Qd2 Rf7 29. Nxc5 Rdf8 30. Nd3 hxg5 31. b6 Rh7 32. Ndf4 gxf4 33. Qxd5+ Rhf7
34. Qg5+ Kh7 35. exf4 Rxf4 36. bxa7 Rf2 37. Qe7+ Kh8 38. Qh4+ Qxh4 39. Nxh4 Kg7
40. a8=Q Rxa8 41. Kxf2 Be6 42. b4 Kf6 43. b5 Ke7 44. Nf3 Bd5 45. Nd4 Kd6 46.
Ke3 Kc5 47. Rc1+ Bc4 48. Ne6+ Kb4 49. Nc7 Rxa5 50. b6 Ra3+ 51. Kd4 Rd3+ 52. Ke5
Re3+ 53. Kd6 Rd3+ 54. Kc6 Rf3 55. Rb1+ Bb3 56. Nd5+ Ka5 57. Ra1+ Ba4+ 58. Kc5
Rf2 59. b7 Rb2 60. Nb6 1-0

[Event "Campeonato Nacional de Ajedrez Femenino 2015  "]
[Site "FDA, Santo Domingo"]
[Date "2015.03.07"]
[Round "2"]
[Board "3"]
[White "Moronta Ramos, Dianelva"]
[Black "Santos Almonte, Carol"]
[Result "1/2-1/2"]
[WhiteElo "1694"]
[BlackElo "1797"]
[PlyCount "81"]
[EventDate "2015.03.06"]
[EventRounds "8"]
[EventCountry "DOM"]

1. d4 d5 2. Nf3 c5 3. c3 cxd4 4. cxd4 Nc6 5. Bf4 Bf5 6. e3 Nf6 7. Nc3 a6 8. a3
g6 9. Be2 Bg7 10. Ne5 Rc8 11. h3 O-O 12. O-O Ne4 13. Nxc6 Rxc6 14. Nxe4 Bxe4
15. Bd3 Bxd3 16. Qxd3 Qb6 17. b4 Rfc8 18. Qb3 e6 19. Qb1 Rc4 20. Ra2 Bf8 21.
Rb2 Bd6 22. Bxd6 Qxd6 23. Qa2 b5 24. g3 R8c6 25. Re1 Rc3 26. Kg2 R6c4 27. Rd1
Qc6 28. Rbb1 e5 29. Rb2 exd4 30. Rxd4 Rxd4 31. exd4 Qc4 32. Re2 Qxa2 33. Rxa2
Rd3 34. a4 bxa4 35. Rxa4 Rxd4 36. Rxa6 Rxb4 37. Ra5 Rd4 38. Kf3 g5 39. Ke3 Rd1
40. Ke2 Rd4 41. Ke3 1/2-1/2

[Event "Campeonato Nacional de Ajedrez Femenino 2015  "]
[Site "FDA, Santo Domingo"]
[Date "2015.03.07"]
[Round "2"]
[Board "4"]
[White "Fermin Dicent, Ellian Lissette"]
[Black "Joaquin Salcedo, Candida"]
[Result "1-0"]
[WhiteElo "1683"]
[BlackElo "1753"]
[PlyCount "107"]
[EventDate "2015.03.06"]
[EventRounds "8"]
[EventCountry "DOM"]

1. d4 d5 2. e3 Bf5 3. c4 e6 4. Nc3 Nf6 5. Nf3 Nbd7 6. Be2 dxc4 7. Bxc4 a6 8. a3
b5 9. Bd3 Bxd3 10. Qxd3 c5 11. dxc5 Nxc5 12. Qxd8+ Rxd8 13. O-O Be7 14. b4 Nd3
15. Nd4 Ng4 16. h3 Nf6 17. Rd1 Ne5 18. f4 Nc4 19. Nc6 Rxd1+ 20. Nxd1 Bd6 21.
Nb2 O-O 22. Nxc4 bxc4 23. Kf1 c3 24. Ke2 Rc8 25. Ne5 Bxe5 26. fxe5 Nd5 27. Ra2
Rc4 28. Kd3 Nb6 29. Rc2 Rc7 30. Rxc3 Nd5 31. Rxc7 Nxc7 32. e4 Kf8 33. Bg5 h6
34. Bh4 Ke8 35. a4 g5 36. Bf2 Kd7 37. Kc4 Ne8 38. Kc5 Kc7 39. Bd4 Ng7 40. g4
Ne8 41. b5 axb5 42. Kxb5 Kb7 43. a5 Nc7+ 44. Kc5 Ka6 45. Bc3 Nb5 46. Be1 Na3
47. Bc3 Nb5 48. Bb4 Na7 49. Kd6 Kb5 50. Bc5 Nc6 51. a6 Kxa6 52. Kxc6 Ka5 53.
Kd7 Kb5 54. Bf8 1-0

[Event "Campeonato Nacional de Ajedrez Femenino 2015  "]
[Site "FDA, Santo Domingo"]
[Date "2015.03.07"]
[Round "2"]
[Board "7"]
[White "Quiroz Farias, Yelibeth"]
[Black "Bouret Lebron, Gissel"]
[Result "1-0"]
[WhiteElo "1755"]
[BlackElo "1810"]
[PlyCount "115"]
[EventDate "2015.03.06"]
[EventRounds "8"]
[EventCountry "DOM"]

1. e4 e6 2. Nf3 d5 3. exd5 exd5 4. d4 Bd6 5. Nc3 c6 6. Be3 Ne7 7. Bd3 Bf5 8. h3
O-O 9. Qd2 Qb6 10. O-O Bxd3 11. Qxd3 Ng6 12. Ne5 Qc7 13. Nxg6 fxg6 14. Ne2 Nd7
15. g3 Nf6 16. Bf4 Ne4 17. Bxd6 Qxd6 18. Kg2 Qd7 19. c4 Ng5 20. Nf4 Ne6 21.
Nxe6 Qxe6 22. c5 Rf6 23. Qe3 Qd7 24. Rae1 Rf7 25. Re2 Raf8 26. f3 h6 27. Qe6
Qxe6 28. Rxe6 g5 29. Re3 b6 30. b4 bxc5 31. dxc5 Rb7 32. a3 Kf7 33. f4 gxf4 34.
Rxf4+ Kg8 35. Rxf8+ Kxf8 36. Re6 Rc7 37. Rd6 Ke7 38. Kf3 a6 39. Ke3 Kf7 40. Kd4
Ke7 41. g4 Kf7 42. h4 Ke8 43. h5 Ke7 44. Ke5 Kf7 45. Kf5 Ke8 46. Kg6 Rd7 47.
Kf5 Rf7+ 48. Ke5 Re7+ 49. Kd4 Rc7 50. Kc3 Ke7 51. Kb3 Rd7 52. Rxc6 d4 53. Kc2
Rd5 54. Rxa6 Rg5 55. Rg6 Rxg6 56. hxg6 Ke6 57. Kd3 Kd5 58. a4 1-0

[Event "Campeonato Nacional de Ajedrez Femenino 2015  "]
[Site "FDA, Santo Domingo"]
[Date "2015.03.07"]
[Round "2"]
[Board "8"]
[White "Hazim Gonzalez, Elizabeth"]
[Black "Camacho Rosario, Cristal"]
[Result "1-0"]
[WhiteElo "1805"]
[BlackElo "1562"]
[PlyCount "71"]
[EventDate "2015.03.06"]
[EventRounds "8"]
[EventCountry "DOM"]

1. Nf3 Nc6 2. g3 e6 3. d3 d5 4. Nbd2 Bd6 5. Bg2 Nf6 6. O-O b6 7. Re1 Bb7 8. e4
Ne7 9. e5 Ng4 10. exd6 Qxd6 11. h3 Nf6 12. Nb3 h6 13. Bf4 Qd7 14. Ne5 Qc8 15.
h4 Nf5 16. Bh3 Kf8 17. Bxf5 exf5 18. Qe2 Qd8 19. Nd4 g6 20. Nec6 Qd7 21. Qe7+
Qxe7 22. Rxe7 Bxc6 23. Nxc6 Ng4 24. Rae1 g5 25. hxg5 hxg5 26. Bxg5 Rg8 27. Bf4
Rh8 28. f3 Nf6 29. Rxc7 Kg7 30. Ree7 Rhf8 31. Ne5 Kg8 32. Nxf7 d4 33. Nh6+ Kh8
34. Be5 Rae8 35. Bxf6+ Rxf6 36. Rh7# 1-0

[Event "Campeonato Nacional de Ajedrez Femenino 2015  "]
[Site "FDA, Santo Domingo"]
[Date "2015.03.07"]
[Round "2"]
[Board "9"]
[White "Rodriguez Espaillat, Escarlet"]
[Black "Coronado, Karen"]
[Result "1-0"]
[WhiteElo "1642"]
[BlackElo "1673"]
[PlyCount "83"]
[EventDate "2015.03.06"]
[EventRounds "8"]
[EventCountry "DOM"]

1. e4 c5 2. Nf3 Nc6 3. d4 cxd4 4. Nxd4 Nf6 5. Nc3 g6 6. Be3 Bg7 7. Bc4 Qa5 8.
O-O O-O 9. f3 e6 10. Bb3 Ne7 11. Nde2 Rd8 12. Qe1 b6 13. Qh4 Ba6 14. Bg5 h6 15.
Bxh6 Bxh6 16. Qxh6 Bxe2 17. Nxe2 Qc5+ 18. Kh1 a5 19. c3 Qh5 20. Qe3 Rab8 21.
Rfd1 d5 22. Nf4 Qe5 23. Nd3 Qc7 24. e5 Nf5 25. Qg5 Nh7 26. Qd2 b5 27. g4 Ne7
28. Bc2 d4 29. cxd4 Rxd4 30. Qe3 Rdd8 31. Rac1 Nd5 32. Qf2 Qe7 33. f4 Kg7 34.
f5 Qg5 35. fxg6 fxg6 36. Qa7+ Kh6 37. Rg1 Ne3 38. Rg3 Nf5 39. gxf5 Qxf5 40.
Qe3+ Kg7 41. Rcg1 Kf7 42. Rf3 1-0

[Event "Campeonato Nacional de Ajedrez Femenino 2015  "]
[Site "FDA, Santo Domingo"]
[Date "2015.03.07"]
[Round "2"]
[Board "10"]
[White "Jimenez Medina, Laura Violeta"]
[Black "Alfau Sencion, Lisbeth"]
[Result "0-1"]
[WhiteElo "1662"]
[BlackElo "1624"]
[PlyCount "48"]
[EventDate "2015.03.06"]
[EventRounds "8"]
[EventCountry "DOM"]

1. e4 c5 2. b3 d6 3. Bb2 Nc6 4. Nf3 Qc7 5. Bc4 Bg4 6. Qe2 e6 7. Nc3 Nf6 8.
O-O-O a6 9. h3 Bh5 10. g4 Bg6 11. Qe3 Be7 12. Na4 b5 13. Bd3 bxa4 14. bxa4 O-O
15. e5 dxe5 16. Rhg1 e4 17. Bxe4 Nxe4 18. Be5 Nxe5 19. h4 Nxf3 20. Qxf3 Qe5 21.
c3 c4 22. d3 Ba3+ 23. Kc2 cxd3+ 24. Qxd3 Nc5 0-1

[Event "Campeonato Nacional de Ajedrez Femenino 2015  "]
[Site "FDA, Santo Domingo"]
[Date "2015.03.07"]
[Round "3"]
[Board "1"]
[White "Adames Rojas, Ariella"]
[Black "Diaz Cesar, Wilsaida Pieranlly"]
[Result "0-1"]
[WhiteElo "1750"]
[BlackElo "1830"]
[PlyCount "70"]
[EventDate "2015.03.06"]
[EventRounds "8"]
[EventCountry "DOM"]

1. d4 Nf6 2. c4 e5 3. dxe5 Ng4 4. e4 Nxe5 5. f4 Nbc6 6. Nc3 Bc5 7. Bd2 d6 8.
Qh5 Nd7 9. O-O-O Nf6 10. Qh4 O-O 11. h3 a6 12. Bd3 b5 13. cxb5 axb5 14. e5 dxe5
15. Bxb5 Nd4 16. Bc4 Nf5 17. Qe1 e4 18. Nxe4 Nxe4 19. Qxe4 Qd4 20. Qxd4 Bxd4
21. Bb4 Be3+ 22. Kb1 Nd6 23. Bxd6 cxd6 24. Ne2 Bf5+ 25. Ka1 Rac8 26. Bb3 Bc2
27. Rxd6 Bxb3 28. axb3 Rc2 29. Nd4 Rxg2 30. f5 h6 31. Nc6 Bg5 32. b4 Bf6 33.
Nd4 Rb8 34. Nc6 Ra8+ 35. Kb1 Rxb2+ 0-1

[Event "Campeonato Nacional de Ajedrez Femenino 2015  "]
[Site "FDA, Santo Domingo"]
[Date "2015.03.07"]
[Round "3"]
[Board "2"]
[White "Munoz Santana, Doribel"]
[Black "Fermin Dicent, Ellian Lissette"]
[Result "1-0"]
[WhiteElo "1905"]
[BlackElo "1683"]
[PlyCount "120"]
[EventDate "2015.03.06"]
[EventRounds "8"]
[EventCountry "DOM"]

1. d4 d5 2. Nf3 Bg4 3. Bf4 Nc6 4. Nc3 e6 5. a3 a6 6. Qd2 Nf6 7. Ne5 Nxe5 8.
Bxe5 Bd6 9. Qf4 Bf5 10. O-O-O O-O 11. g4 Nxg4 12. Rg1 Nxe5 13. dxe5 Be7 14.
Nxd5 exd5 15. Qxf5 c6 16. Qg4 g6 17. f4 f5 18. Qf3 Qc7 19. Qc3 Qb6 20. e3 Rad8
21. Rg3 c5 22. Bg2 d4 23. Qc4+ Kg7 24. exd4 Rxd4 25. Rxd4 cxd4 26. Rb3 Qc5 27.
Qxc5 Bxc5 28. Rxb7+ Rf7 29. Rb3 Rc7 30. Kd2 Kf7 31. Bf1 a5 32. Rb5 a4 33. Ra5
Ke7 34. Rxa4 Kd7 35. Ra8 Ra7 36. Bb5+ Kc7 37. Rh8 Kb6 38. a4 Bb4+ 39. Kd3 Bc5
40. Kc4 d3 41. cxd3 Be3 42. Kd5 Bxf4 43. h3 Bc1 44. Bc6 f4 45. b4 Bb2 46. Kd6
Bxe5+ 47. Kxe5 Kxc6 48. Kxf4 Rxa4 49. Rxh7 Rxb4+ 50. Kg5 Rd4 51. Kxg6 Rxd3 52.
h4 Rd6+ 53. Kf5 Rd5+ 54. Ke4 Rd8 55. h5 Kd6 56. Kf5 Re8 57. Rg7 Rf8+ 58. Kg6
Ke6 59. h6 Rf6+ 60. Kh7 Rf8 1-0

[Event "Campeonato Nacional de Ajedrez Femenino 2015  "]
[Site "FDA, Santo Domingo"]
[Date "2015.03.07"]
[Round "3"]
[Board "3"]
[White "Jose Polanco, Kenia"]
[Black "Moronta Ramos, Dianelva"]
[Result "1-0"]
[WhiteElo "1889"]
[BlackElo "1694"]
[PlyCount "60"]
[EventDate "2015.03.06"]
[EventRounds "8"]
[EventCountry "DOM"]

1. d4 Nf6 2. Nf3 e6 3. e3 b6 4. Bd3 Bb7 5. Nbd2 d6 6. e4 Nbd7 7. O-O e5 8. Re1
h6 9. b3 g5 10. dxe5 dxe5 11. Bb2 Bd6 12. Nf1 Qe7 13. Ng3 O-O-O 14. Qe2 Ng8 15.
Ba6 f6 16. a4 h5 17. a5 Nc5 18. Bxb7+ Kxb7 19. axb6 cxb6 20. b4 g4 21. bxc5
Bxc5 22. Qa6+ Kb8 23. Nh4 Rh7 24. Red1 Rxd1+ 25. Rxd1 Bxf2+ 26. Kxf2 Qc5+ 27.
Kf1 Rc7 28. Rd8+ Rc8 29. Rxc8+ Qxc8 30. Qxc8+ Kxc8 1-0

[Event "Campeonato Nacional de Ajedrez Femenino 2015  "]
[Site "FDA, Santo Domingo"]
[Date "2015.03.07"]
[Round "3"]
[Board "4"]
[White "Almanzar Vasquez, Jennifer Mar"]
[Black "Hazim Gonzalez, Elizabeth"]
[Result "1/2-1/2"]
[WhiteElo "1737"]
[BlackElo "1805"]
[PlyCount "80"]
[EventDate "2015.03.06"]
[EventRounds "8"]
[EventCountry "DOM"]

1. e4 b6 2. d4 Bb7 3. Nc3 g6 4. Nf3 Bg7 5. Be2 d6 6. Bg5 Nd7 7. Qd2 Ngf6 8. Bd3
O-O 9. O-O e5 10. d5 a6 11. b4 Re8 12. Rfe1 Qe7 13. h3 Qf8 14. Rad1 h6 15. Be3
Kh7 16. Ne2 Bxd5 17. exd5 e4 18. Nh2 exd3 19. Qxd3 Ne5 20. Qb3 Re7 21. Nd4 Rae8
22. Nhf3 Nxf3+ 23. Nxf3 Nd7 24. Qc4 Nb8 25. Bd4 Bxd4 26. Qxd4 Qg7 27. Kf1 Rxe1+
28. Rxe1 Rxe1+ 29. Kxe1 Qxd4 30. Nxd4 Kg7 31. Ke2 Kf6 32. Ke3 Ke5 33. c4 g5 34.
g4 Kf6 35. Ke4 Nd7 36. Nc6 Kg6 37. Ne7+ Kf6 38. Nc6 Kg6 39. Ne7+ Kf6 40. Nc6
Kg6 1/2-1/2

[Event "Campeonato Nacional de Ajedrez Femenino 2015  "]
[Site "FDA, Santo Domingo"]
[Date "2015.03.07"]
[Round "3"]
[Board "5"]
[White "Santos Almonte, Carol"]
[Black "Rodriguez Espaillat, Escarlet"]
[Result "1-0"]
[WhiteElo "1797"]
[BlackElo "1642"]
[PlyCount "55"]
[EventDate "2015.03.06"]
[EventRounds "8"]
[EventCountry "DOM"]

1. d4 Nf6 2. c4 e6 3. Nc3 Bb4 4. a3 Bxc3+ 5. bxc3 d6 6. Nf3 c5 7. e3 Nc6 8. d5
Ne7 9. dxe6 Bxe6 10. Be2 Qa5 11. Bb2 d5 12. cxd5 Nexd5 13. Qc2 O-O 14. O-O Qc7
15. c4 Ne7 16. Be5 Qc6 17. Bxf6 gxf6 18. Qc3 Bf5 19. Nd2 Kh8 20. Bf3 Qe6 21.
Bxb7 Rab8 22. Bf3 Rg8 23. e4 Bh3 24. Kh1 Bxg2+ 25. Bxg2 Rxg2 26. Kxg2 Qg4+ 27.
Qg3 Qe2 28. Qxb8+ 1-0

[Event "Campeonato Nacional de Ajedrez Femenino 2015  "]
[Site "FDA, Santo Domingo"]
[Date "2015.03.07"]
[Round "3"]
[Board "6"]
[White "Alfau Sencion, Lisbeth"]
[Black "Quiroz Farias, Yelibeth"]
[Result "1-0"]
[WhiteElo "1624"]
[BlackElo "1755"]
[PlyCount "91"]
[EventDate "2015.03.06"]
[EventRounds "8"]
[EventCountry "DOM"]

1. e4 e5 2. Nf3 Nc6 3. Bb5 d6 4. h3 Nf6 5. d3 Bd7 6. O-O Be7 7. Re1 O-O 8. Nbd2
a6 9. Ba4 h6 10. Nf1 Nd4 11. Bxd7 Nxf3+ 12. Qxf3 Qxd7 13. Ng3 Nh7 14. Nf5 Ng5
15. Bxg5 Bxg5 16. Rad1 g6 17. h4 gxf5 18. hxg5 hxg5 19. exf5 f6 20. Re3 c6 21.
Qg4 Kg7 22. Rh3 Rh8 23. d4 Qf7 24. dxe5 dxe5 25. b3 Rad8 26. Rhd3 Rd5 27. Rxd5
cxd5 28. Rd3 Rh4 29. Qd1 d4 30. c3 Qc7 31. g3 Rh7 32. cxd4 e4 33. Re3 Qd7 34.
Rxe4 Qxf5 35. Re7+ Kg6 36. Rxh7 Kxh7 37. d5 g4 38. d6 Qd7 39. Qd4 Kg6 40. Qc5
Kf7 41. Qc4+ Kg6 42. Qc7 Qe6 43. d7 Qe1+ 44. Kg2 Qe4+ 45. Kh2 Qf3 46. Qc2+ 1-0